Tesoro del mundo : (Record no. 197660)
[ view plain ]
| 000 -LEADER | |
|---|---|
| campo de control de longitud fija | 02019nam a2200469 i 4500 |
| 001 - NÚMERO DE CONTROL | |
| campo de control | 197660 |
| 003 - IDENTIFICADOR DE NÚMERO DE CONTROL | |
| campo de control | ES-MaACL |
| 005 - FECHA Y HORA DE LA ÚLTIMA TRANSACCIÓN | |
| campo de control | 20250805062656.0 |
| 007 - CAMPO FIJO DE DESCRIPCIÓN FÍSICA--INFORMACIÓN GENERAL | |
| campo de control de longitud fija | ta |
| 008 - DATOS DE LONGITUD FIJA--INFORMACIÓN GENERAL | |
| campo de control de longitud fija | 140730s2004 ku a | |||| 000 0 spa |
| 020 ## - NÚMERO INTERNACIONAL ESTÁNDAR DEL LIBRO | |
| Número Internacional Estándar del Libro | 0500976392 |
| 035 ## - NÚMERO DE CONTROL DEL SISTEMA | |
| Número de control de sistema | (OCoLC)1026189780 |
| 035 ## - NÚMERO DE CONTROL DEL SISTEMA | |
| Número de control de sistema | (SpMaBN)a5519989 |
| 035 ## - NÚMERO DE CONTROL DEL SISTEMA | |
| Número de control de sistema | 991046745069708606 |
| 040 ## - FUENTE DE CATALOGACIÓN | |
| Centro catalogador/agencia de origen | SpMaBN |
| Lengua de catalogación | spa |
| Centro/agencia transcriptor | SpMaBN |
| Normas de descripción | rdc |
| 080 ## - NÚMERO DE LA CLASIFICACIÓN DECIMAL UNIVERSAL | |
| Número de la Clasificación Decimal Universal | 739.2(540)(083.824) |
| 100 1# - ENTRADA PRINCIPAL--NOMBRE DE PERSONA | |
| Nombre de persona | Keene, Manuel, |
| Fechas asociadas al nombre | 1941- |
| Término indicativo de función/relación | Autor |
| 9 (RLIN) | 241051 |
| 240 10 - TÍTULO UNIFORME | |
| Título uniforme | Treasury of the World |
| Lenguaje de la obra | Español |
| 245 10 - MENCIÓN DEL TÍTULO | |
| Título | Tesoro del mundo : |
| Resto del título | el arte de la joyería en la India mogola : The Al-Sabah Collection / |
| Mención de responsabilidad, etc. | Manuel Keene, con Salam Kaoukji |
| 260 ## - PUBLICACIÓN, DISTRIBUCIÓN, ETC. | |
| Lugar de publicación, distribución, etc. | Kuwait : |
| Nombre del editor, distribuidor, etc. | Dar al-Athar al-Islamiyyah, Kuwait National Museum, en colaboración con Thames & Hudson, |
| Fecha de publicación, distribución, etc. | cop. 2004 |
| 300 ## - DESCRIPCIÓN FÍSICA | |
| Extensión | 160 páginas : |
| Otras características físicas | ilustrado a color ; |
| Dimensiones | 28 cm |
| 336 ## - TIPO DE CONTENIDO | |
| Término de tipo de contenido | Texto (visual) |
| Fuente | isbdcontent |
| 337 ## - TIPO DE MEDIO | |
| Nombre/término del tipo de medio | sin mediación |
| Fuente | isbdmedia |
| 338 ## - TIPO DE SOPORTE | |
| Fuente | rdacarrier |
| Nombre/término del tipo de soporte | volumen |
| 500 ## - NOTA GENERAL | |
| Nota general | Publicado con motivo de la exposición itinerante homónima |
| 504 ## - NOTA DE BIBLIOGRAFÍA, ETC. | |
| Nota de bibliografía, etc. | Bibliografía: p. [158]-160 |
| 594 ## - NOTA AL TITULO Y MENCION DE RESPONSABILIDAD | |
| Nota al título y mención de responsabilidad | Título original: Treasury of the World |
| 600 #7 - PUNTO DE ACCESO ADICIONAL DE MATERIA--NOMBRE DE PERSONA | |
| Nombre de persona | Sabah, Nasser Sabah al-Ahmad- |
| Subdivisión general | Colecciones de arte- |
| Subdivisión de forma | Exposiciones |
| Fuente del encabezamiento o término | embne |
| 9 (RLIN) | 241052 |
| 600 17 - PUNTO DE ACCESO ADICIONAL DE MATERIA--NOMBRE DE PERSONA | |
| Nombre de persona | Sabah, Hussah Sabah al-Salim- |
| Subdivisión general | Colecciones de arte- |
| Subdivisión de forma | Exposiciones |
| Fuente del encabezamiento o término | embne |
| 9 (RLIN) | 241053 |
| 650 #7 - PUNTO DE ACCESO ADICIONAL DE MATERIA--TÉRMINO DE MATERIA | |
| Término de materia o nombre geográfico como elemento de entrada | Joyas- |
| Subdivisión geográfica | India- |
| Subdivisión de forma | Exposiciones |
| Fuente del encabezamiento o término | embne |
| 9 (RLIN) | 241054 |
| 655 #7 - TERMINO DE INDIZACIÓN--GENERO/FORMA | |
| Fuente del término | tgfbne |
| 9 (RLIN) | 193628 |
| Datos o término principal de género/forma | Catálogos de exposiciones |
| 700 1# - ENTRADA AGREGADA--NOMBRE PERSONAL | |
| Nombre de persona | Kaoukji, Salam |
| Término indicativo de función/relación | Autor |
| 9 (RLIN) | 241055 |
| 700 1# - ENTRADA AGREGADA--NOMBRE PERSONAL | |
| Nombre de persona | Sabah, Nasser Sabah al-Ahmad |
| Término indicativo de función/relación | Autor de introducción |
| 9 (RLIN) | 241056 |
| 700 1# - ENTRADA AGREGADA--NOMBRE PERSONAL | |
| Nombre de persona | Sabah, Hussah Sabah al-Salim |
| 9 (RLIN) | 241057 |
| 852 ## - LOCALIZACIÓN | |
| Ubicación | ES-MaACL |
| Ubicación en estantería | Depósito 1 |
| Número de control de estantería | A-15737 |
| Donativo/Legado | Donación: Fernando Codina Rodríguez |
| Encuadernación | Encuadernación rústica |
| itemnumber | 206095 |
| 903 ## - NOMBRE PERSONAL DE DONANTE | |
| a | Codina Rodríguez, Fernando |
| e | Donante |
| 9 | 238631 |
| 942 ## - ELEMENTOS DE ENTRADA SECUNDARIOS (KOHA) | |
| Suprimir en OPAC | No |
| Tipo de ítem Koha | Libro impreso |
| Estatus retirado | Estado de pérdida | Fuente del sistema de clasificación o colocación | Estado de daño | No para préstamo | Biblioteca de origen | Biblioteca actual | Ubicación en estantería | Fecha de adquisición | Fuente de adquisición | Total de préstamos | Signatura topográfica completa | Visto por última vez | Precio de reemplazo | Tipo de ítem Koha |
|---|---|---|---|---|---|---|---|---|---|---|---|---|---|---|
| Clasificación decimal universal | Biblioteca del Ateneo de Madrid | Biblioteca del Ateneo de Madrid | Depósito 1 | 25/06/2025 | Donación | A-15737 | 25/06/2025 | 25/06/2025 | Libro impreso |
